000
00345nam a22001457a 4500
008
210430b ||||| |||| 00| 0 eng d
020
_a
0471017426
041
_a
eng
080
_a
616.8-006
082
_a
616.8-006
100
_a
6
101
_a
KAN
245
_a
Abdominal Ultrasound in the Cancer Patient
_c
Donn J. Brascho
942
_2
udc
_c
BK
999
_c
57050
_d
57050